000 01046nam a22002297a 4500
999 _c10154
_d10154
003 AR-CdUCM
008 190329b ||||| |||| 00| 0 spa d
040 _aMUNICIPALIDAD PROVINCIAL DEL CUSCO
_cBIBLIOTECA MUNICIPAL DEL CUSCO
082 _a636.084 /
_bH17 /1948
100 _aHalnan, Edward Thomas.
_926845
245 _aAlimentación y ciranza del ganado /
260 _aBuenos Aires :
_b Edit. Tres Emes,
_c1948.
300 _a411 paginas ;
_bIlustraciones, cuadros, diagramas,
_c24 cm.
500 _aTitulo original : The principles and practice of feeding farm animals
505 _aContenido :Composición química del forrajes y animales -- Standards de alimentación -- Los forrajes mas comunes de las islas británicas -- El uso de los pastoreos y sus productos -- Preparación de forrajes
650 _aPastoreo
_92918
650 _aCrianza de animales
_920692
650 _aAlimentación de vacunos, equinos, aves
_926846
700 _aScohrr de Tufró, Emma Elvira (Traductor)
_926847
942 _2ddc
_cLIBROS
945 _awnts